|
|
|
|
| LEADER |
02435nam a2200625 4500 |
| 001 |
ocn904799055 |
| 003 |
OCoLC |
| 005 |
20170124070005.9 |
| 006 |
m o d |
| 007 |
cr cnu|||unuuu |
| 008 |
150313s2015 enk ob 001 0 eng d |
| 040 |
|
|
|a N$T
|b eng
|e rda
|e pn
|c N$T
|d N$T
|d DG1
|d DEBSZ
|d E7B
|d IDEBK
|d YDXCP
|d COO
|d OHI
|d OCLCO
|d OCLCF
|d OCLCO
|d DEBBG
|d K6U
|d GrThAP
|
| 019 |
|
|
|a 906182621
|
| 020 |
|
|
|a 9781119052197
|q electronic bk.
|
| 020 |
|
|
|a 111905219X
|q electronic bk.
|
| 020 |
|
|
|a 9781119052173
|q electronic bk.
|
| 020 |
|
|
|a 1119052173
|q electronic bk.
|
| 020 |
|
|
|z 9781119052203
|
| 020 |
|
|
|a 1119052203
|
| 020 |
|
|
|a 9781119052203
|
| 029 |
1 |
|
|a DEBSZ
|b 428704530
|
| 029 |
1 |
|
|a NZ1
|b 16090931
|
| 029 |
1 |
|
|a NLGGC
|b 391565052
|
| 029 |
1 |
|
|a DEBSZ
|b 45334271X
|
| 029 |
1 |
|
|a DEBBG
|b BV043397608
|
| 035 |
|
|
|a (OCoLC)904799055
|z (OCoLC)906182621
|
| 050 |
|
4 |
|a JC359
|
| 072 |
|
7 |
|a SOC
|x 007000
|2 bisacsh
|
| 082 |
0 |
4 |
|a 325.32
|2 23
|
| 049 |
|
|
|a MAIN
|
| 245 |
0 |
0 |
|a Gender, imperialism and global exchanges /
|c edited by Stephan F. Miescher, Michele Mitchell and Naoko Shibusawa.
|
| 264 |
|
1 |
|a Chichester :
|b Wiley Blackwell,
|c 2015.
|
| 300 |
|
|
|a 1 online resource (ix, 341 pages).
|
| 336 |
|
|
|a text
|b txt
|2 rdacontent
|
| 337 |
|
|
|a computer
|b c
|2 rdamedia
|
| 338 |
|
|
|a online resource
|b cr
|2 rdacarrier
|
| 490 |
1 |
|
|a Gender & history (Unnumbered)
|
| 588 |
0 |
|
|a Vendor-supplied metadata.
|
| 650 |
|
0 |
|a Imperialism
|x Social aspects
|x History.
|
| 650 |
|
0 |
|a Globalization
|x Social aspects.
|
| 650 |
|
0 |
|a Sex role
|x Colonies
|x History.
|
| 650 |
|
0 |
|a Nationalism
|x History.
|
| 650 |
|
7 |
|a SOCIAL SCIENCE / Emigration & Immigration
|2 bisacsh
|
| 650 |
|
7 |
|a Globalization
|x Social aspects.
|2 fast
|0 (OCoLC)fst00943547
|
| 650 |
|
7 |
|a Imperialism
|x Social aspects.
|2 fast
|0 (OCoLC)fst00968140
|
| 650 |
|
7 |
|a Nationalism.
|2 fast
|0 (OCoLC)fst01033832
|
| 650 |
|
7 |
|a Sex role
|x Colonies.
|2 fast
|0 (OCoLC)fst01114602
|
| 655 |
|
4 |
|a Electronic books.
|
| 655 |
|
0 |
|a Electronic books.
|
| 655 |
|
7 |
|a History.
|2 fast
|0 (OCoLC)fst01411628
|
| 700 |
1 |
|
|a Miescher, Stephan,
|e editor.
|
| 776 |
0 |
8 |
|i Print version:
|t Gender, imperialism and global exchanges.
|d Chichester, England : Wiley Blackwell, c2015
|h viii, 341 pages
|k Gender and History Special Issue Book Series
|z 9781119052203
|w (DLC) 2015005231
|
| 830 |
|
0 |
|a Gender & history (Unnumbered)
|
| 856 |
4 |
0 |
|u https://doi.org/10.1002/9781119052173
|z Full Text via HEAL-Link
|
| 994 |
|
|
|a 92
|b DG1
|